[Event "Masters 2013"]
[Site "Rennes"]
[Date "2013.03.31"]
[Round "4.11"]
[White "Colleter, Christian"]
[Black "Radovanovic, Vanja"]
[Result "1-0"]
[WhiteElo "1761"]
[BlackElo "1499"]
[PlyCount "77"]
[EventDate "2013.03.31"]
[EventType "tourn"]
[EventRounds "7"]
[EventCountry "FRA"]
[SourceDate "2005.09.12"]

1. e4 c5 2. Nf3 Nc6 3. d4 cxd4 4. Nxd4 e5 5. Nb5 d6 6. a4 Be7 7. N1c3 a6 8. Na3
Be6 9. Be3 Nf6 10. Nc4 O-O 11. Nb6 Rb8 12. Be2 Nd7 13. a5 Nxa5 14. Nxd7 Bxd7
15. O-O Nc6 16. Nd5 Bg5 17. Bb6 Qe8 18. Bc7 Rc8 19. Bxd6 Be7 20. Nxe7+ Nxe7 21.
Bxe5 Ng6 22. Bd6 Ne7 23. Kh1 Be6 24. Bd3 Qd7 25. Bb4 Rfd8 26. f4 Bc4 27. Rf3
Nc6 28. Bc3 Nd4 29. Rh3 Ne6 30. Qg4 Nd4 31. f5 f6 32. Qh5 h6 33. Qg4 Qf7 34.
Rxh6 Bxd3 35. cxd3 Rxc3 36. bxc3 Nc2 37. Rc1 Ne3 38. Qg3 b5 39. Rh3 1-0

[Event "Masters 2013"]
[Site "Rennes"]
[Date "2013.04.01"]
[Round "5.1"]
[White "Stephan, Victor"]
[Black "Alanic, Xavier"]
[Result "1-0"]
[WhiteElo "2313"]
[BlackElo "2245"]
[PlyCount "79"]
[EventDate "2013.03.31"]
[EventType "tourn"]
[EventRounds "7"]
[EventCountry "FRA"]
[SourceDate "2005.09.12"]

1. d4 Nf6 2. c4 c5 3. d5 b5 4. cxb5 a6 5. bxa6 Bxa6 6. Nc3 d6 7. e4 Bxf1 8.
Kxf1 g6 9. Nf3 Bg7 10. g3 O-O 11. Kg2 Nbd7 12. Qe2 Ra5 13. Bd2 Qa8 14. a4 Rb8
15. Rhb1 Ne8 16. b3 Nc7 17. Ra3 Ra6 18. Nd1 Nb5 19. Ra2 Ne5 20. Nxe5 Bxe5 21.
Qc4 Nd4 22. Ne3 Rab6 23. b4 cxb4 24. Rxb4 Rxb4 25. Bxb4 Rc8 26. Qd3 Qb7 27. Bd2
e6 28. a5 f5 29. a6 Qa8 30. exf5 gxf5 31. Ra4 Qa7 32. Bc3 Nf3 33. Kxf3 Rxc3 34.
Qb5 Kg7 35. Rc4 Ra3 36. dxe6 Kf6 37. Qd7 Qa8+ 38. Qb7 Qxb7+ 39. axb7 Rb3 40.
Rb4 1-0

[Event "Masters 2013"]
[Site "Rennes"]
[Date "2013.04.01"]
[Round "5.3"]
[White "Entem, Alan"]
[Black "Le Goff, Damien"]
[Result "1/2-1/2"]
[WhiteElo "2177"]
[BlackElo "2264"]
[PlyCount "36"]
[EventDate "2013.03.31"]
[EventType "tourn"]
[EventRounds "7"]
[EventCountry "FRA"]
[SourceDate "2005.09.12"]

1. e4 d6 2. d4 Nf6 3. Nc3 e5 4. dxe5 dxe5 5. Qxd8+ Kxd8 6. Bg5 c6 7. Bc4 Be6 8.
O-O-O+ Kc7 9. Bxe6 fxe6 10. Bh4 Nbd7 11. f3 Bb4 12. Nge2 Rad8 13. Bg3 Nh5 14.
Bh4 Nhf6 15. Bg3 Nh5 16. Bh4 Nhf6 17. Bg3 Nh5 18. Bh4 Nhf6 1/2-1/2

[Event "Masters 2013"]
[Site "Rennes"]
[Date "2013.04.01"]
[Round "5.4"]
[White "Louis, Corentin"]
[Black "Guezennec, Franck"]
[Result "1/2-1/2"]
[WhiteElo "1985"]
[BlackElo "2174"]
[PlyCount "41"]
[EventDate "2013.03.31"]
[EventType "tourn"]
[EventRounds "7"]
[EventCountry "FRA"]
[SourceDate "2005.09.12"]

1. e4 e5 2. Nf3 Nc6 3. d4 exd4 4. Nxd4 Nf6 5. Nc3 Bb4 6. Nxc6 bxc6 7. Bd3 O-O
8. O-O Re8 9. Bg5 h6 10. Bxf6 Qxf6 11. Qf3 Qxf3 12. gxf3 Bxc3 13. bxc3 d6 14.
c4 Bh3 15. Rfb1 Rab8 16. c3 Kf8 17. Rxb8 Rxb8 18. Rb1 Rxb1+ 19. Bxb1 c5 20. Bd3
f6 21. Bf1 1/2-1/2

[Event "Masters 2013"]
[Site "Rennes"]
[Date "2013.04.01"]
[Round "5.5"]
[White "Otmani, Kamel"]
[Black "Deniau, Pascal"]
[Result "1/2-1/2"]
[WhiteElo "2104"]
[BlackElo "1776"]
[PlyCount "125"]
[EventDate "2013.03.31"]
[EventType "tourn"]
[EventRounds "7"]
[EventCountry "FRA"]
[SourceDate "2005.09.12"]

1. d4 Nf6 2. c4 e6 3. Nc3 Bb4 4. Qc2 d5 5. Bg5 h6 6. Bh4 c5 7. cxd5 Qxd5 8.
dxc5 Qxc5 9. e3 Bxc3+ 10. bxc3 Nc6 11. Bd3 Ne5 12. Ne2 Nxd3+ 13. Qxd3 O-O 14.
Bxf6 gxf6 15. O-O b6 16. Rab1 Qa5 17. Rfd1 Ba6 18. Qd2 Rac8 19. Rb4 Bxe2 20.
Qxe2 Rxc3 21. Rb5 Qa3 22. Rh5 Kh7 23. Qd2 Rc5 24. Rh4 Qc3 25. Qe2 Rfc8 26. g3
Qc2 27. Rd2 Qb1+ 28. Rd1 Rc1 29. Rhd4 Qc2 30. Rxc1 Qxc1+ 31. Rd1 Qc2 32. Qf3 f5
33. Rd7 Qb1+ 34. Kg2 Qxa2 35. Rxf7+ Kg6 36. Qb7 Qd5+ 37. Qxd5 exd5 38. Rxa7 Rb8
39. Rd7 b5 40. Rxd5 b4 41. Rd6+ Kf7 42. Rd1 Ke6 43. Kf3 b3 44. Ke2 b2 45. Rb1
Kd5 46. Kd3 h5 47. f3 Rb3+ 48. Kd2 Kc4 49. f4 Kd5 50. Ke2 Ke4 51. Kd2 Rd3+ 52.
Kc2 Rxe3 53. Kxb2 Re2+ 54. Kc3 Rxh2 55. Rb5 Rh3 56. Re5+ Kf3 57. Rxf5 h4 58.
Rh5 Kxg3 59. Kd2 Kxf4 60. Ke2 Kg4 61. Rh7 Rg3 62. Kf2 Kh3 63. Rh8 1/2-1/2

[Event "Masters 2013"]
[Site "Rennes"]
[Date "2013.04.01"]
[Round "5.6"]
[White "Busnel, Laurent"]
[Black "Le Marec, Simon"]
[Result "0-1"]
[WhiteElo "1909"]
[BlackElo "2136"]
[PlyCount "130"]
[EventDate "2013.03.31"]
[EventType "tourn"]
[EventRounds "7"]
[EventCountry "FRA"]
[SourceDate "2005.09.12"]

1. e4 e6 2. d4 d5 3. Nc3 Bb4 4. exd5 Qxd5 5. Nf3 Nf6 6. a3 Qa5 7. Bd2 Be7 8.
Bc4 Qh5 9. O-O O-O 10. Re1 Bd6 11. Nb5 a6 12. Nxd6 cxd6 13. Bg5 Nbd7 14. Qd2 b5
15. Be2 Ne4 16. Qe3 Nxg5 17. Nxg5 Qh6 18. Bf3 d5 19. Be2 Nb6 20. b3 f6 21. Nf3
Qxe3 22. fxe3 Bd7 23. Bd3 Rfc8 24. Re2 Bc6 25. Rf2 Rc7 26. g4 Re8 27. Re1 Nc8
28. Rg2 e5 29. Bf1 h6 30. h3 Nd6 31. Ree2 b4 32. a4 a5 33. Ne1 Ne4 34. Nd3 Nc3
35. Rd2 exd4 36. exd4 Re3 37. Kh2 Rce7 38. Nc5 Kf7 39. Bd3 Bd7 40. Rg3 Bc8 41.
Rxe3 Rxe3 42. Rg2 Rf3 43. Rg3 Rf2+ 44. Rg2 Rf4 45. Rd2 Rf3 46. Kg2 Re3 47. Rf2
g6 48. Rf3 Re1 49. Rf1 Re7 50. Kf2 f5 51. gxf5 Bxf5 52. Kg3 Kf6 53. Rf3 Ne2+
54. Bxe2 Rxe2 55. Nb7 Rxc2 56. Nxa5 Rc7 57. Kf2 g5 58. Re3 Be4 59. Kg3 Rc2 60.
Rxe4 dxe4 61. h4 Rc3+ 62. Kg4 gxh4 63. Kxh4 e3 64. Kg3 h5 65. d5 h4+ 0-1

[Event "Masters 2013"]
[Site "Rennes"]
[Date "2013.04.01"]
[Round "5.7"]
[White "Ruhlmann, Helene"]
[Black "Theon, Pierre"]
[Result "0-1"]
[WhiteElo "1794"]
[BlackElo "2131"]
[PlyCount "58"]
[EventDate "2013.03.31"]
[EventType "tourn"]
[EventRounds "7"]
[EventCountry "FRA"]
[SourceDate "2005.09.12"]

1. d4 Nf6 2. Nf3 e6 3. c4 Bb4+ 4. Bd2 Qe7 5. Nc3 O-O 6. Qc2 d5 7. e3 c5 8. cxd5
exd5 9. dxc5 Nc6 10. Be2 Bxc5 11. O-O Re8 12. Rac1 Bb6 13. h3 h6 14. Rfe1 Be6
15. Nb5 Ne4 16. Bd3 a6 17. Nbd4 Rac8 18. Nxe6 Qxe6 19. Qd1 Qd6 20. a3 Bc7 21.
Bc3 Nxc3 22. Rxc3 d4 23. Rc2 dxe3 24. fxe3 Rcd8 25. Rd2 Qg3 26. Qe2 Bb6 27. Qf2
Qxf2+ 28. Kxf2 Re7 29. Rde2 Rxe3 0-1

[Event "Masters 2013"]
[Site "Rennes"]
[Date "2013.04.01"]
[Round "5.8"]
[White "Ferret-Leger, Gaspard"]
[Black "Lavanant, Alexandre"]
[Result "0-1"]
[WhiteElo "1785"]
[BlackElo "2031"]
[PlyCount "66"]
[EventDate "2013.03.31"]
[EventType "tourn"]
[EventRounds "7"]
[EventCountry "FRA"]
[SourceDate "2005.09.12"]

1. c4 e5 2. Nc3 Nc6 3. g3 f5 4. Bg2 Nf6 5. e3 Bb4 6. Nge2 Bxc3 7. Nxc3 d6 8. d3
O-O 9. O-O Kh8 10. Rb1 a5 11. a3 Ne7 12. b4 axb4 13. axb4 c6 14. f4 Qc7 15. d4
e4 {(=)} 16. b5 d5 17. b6 Qd8 18. cxd5 Nexd5 19. Nxd5 Nxd5 20. Qb3 Be6 21. Ba3
Re8 22. Bc5 Nxf4 23. Qb2 Ra2 24. Rxf4 Rxb2 25. Rxb2 Qa8 26. Rf1 Qa6 27. g4 Bc4
28. Re1 fxg4 29. Rf2 h5 30. Rf5 g6 31. Rf4 Bd5 32. Ref1 Qd3 33. Re1 Qd2 0-1

[Event "Masters 2013"]
[Site "Rennes"]
[Date "2013.04.01"]
[Round "5.9"]
[White "Durand Le Ludec, Brendan Bubok"]
[Black "Henry, Solenne"]
[Result "1-0"]
[WhiteElo "1769"]
[BlackElo "1672"]
[PlyCount "43"]
[EventDate "2013.03.31"]
[EventType "tourn"]
[EventRounds "7"]
[EventCountry "FRA"]
[SourceDate "2005.09.12"]

1. e4 e6 2. d4 d5 3. Nc3 Nf6 4. Bg5 Be7 5. e5 Nfd7 6. h4 c5 7. Bxe7 Kxe7 8. f4
cxd4 9. Qxd4 Nc6 10. Qd2 f6 11. Nf3 h6 12. O-O-O Qa5 13. exf6+ gxf6 14. f5 Nb6
15. Bb5 Rd8 16. Bxc6 bxc6 17. Qxh6 Nc4 18. Nd4 Qb6 19. Na4 Qa6 20. b3 Rf8 21.
fxe6 c5 22. Nf5+ 1-0

[Event "Masters 2013"]
[Site "Rennes"]
[Date "2013.04.01"]
[Round "5.10"]
[White "Lechartre, Victorien"]
[Black "Colleter, Christian"]
[Result "0-1"]
[WhiteElo "1655"]
[BlackElo "1761"]
[PlyCount "41"]
[EventDate "2013.03.31"]
[EventType "tourn"]
[EventRounds "7"]
[EventCountry "FRA"]
[SourceDate "2005.09.12"]

1. d4 d5 2. c4 c6 3. Nf3 Nf6 4. Nc3 e6 5. Bg5 Nbd7 6. e3 Qa5 7. Qc2 Ne4 8. Bd3
Nxg5 9. Nxg5 dxc4 10. Bxc4 Qxg5 11. O-O Be7 12. f4 Qa5 13. f5 Nf6 14. e4 exf5
15. e5 Nd5 16. Nxd5 cxd5 17. b4 Qxb4 18. Bd3 Qxd4+ 19. Kh1 O-O 20. Bxf5 Bxf5
21. Rxf5 0-1

[Event "Masters 2013"]
[Site "Rennes"]
[Date "2013.04.01"]
[Round "5.11"]
[White "Radovanovic, Vanja"]
[Black "Le Marec, Laura"]
[Result "0-1"]
[WhiteElo "1499"]
[BlackElo "1677"]
[PlyCount "42"]
[EventDate "2013.03.31"]
[EventType "tourn"]
[EventRounds "7"]
[EventCountry "FRA"]
[SourceDate "2005.09.12"]

1. d4 e6 2. c4 Bb4+ 3. Nc3 f5 4. g3 Nf6 5. Bg5 O-O 6. Bg2 d6 7. Bxf6 Qxf6 8.
Qb3 Bxc3+ 9. Qxc3 Nd7 10. Nh3 e5 11. dxe5 dxe5 12. O-O Nc5 13. Rad1 c6 14. b4
Ne4 15. Qc2 Qh6 16. f4 exf4 17. gxf4 Be6 18. Bxe4 fxe4 19. Ng5 Rxf4 20. Nxe6
Rg4+ 21. Kf2 e3+ 0-1

[Event "Masters 2013"]
[Site "Rennes"]
[Date "2013.04.01"]
[Round "6.2"]
[White "Le Goff, Damien"]
[Black "Le Marec, Simon"]
[Result "1/2-1/2"]
[WhiteElo "2264"]
[BlackElo "2136"]
[PlyCount "115"]
[EventDate "2013.03.31"]
[EventType "tourn"]
[EventRounds "7"]
[EventCountry "FRA"]
[SourceDate "2005.09.12"]

1. e4 e6 2. d4 d5 3. Nc3 Bb4 4. e5 c5 5. a3 Bxc3+ 6. bxc3 Ne7 7. Qg4 O-O 8. Bd3
f5 9. exf6 Rxf6 10. Bg5 Rf7 11. Qh5 g6 12. Qd1 Qa5 13. Bd2 Nbc6 14. Nf3 Qc7 15.
dxc5 e5 16. Be2 e4 17. Nd4 Nf5 18. Nxc6 bxc6 19. O-O Qe7 20. Be3 {(=)} Nxe3 21.
fxe3 Rxf1+ 22. Bxf1 Qxc5 23. Qd4 Qxd4 24. cxd4 Rb8 25. Be2 Kf7 26. Kf2 Rb2 27.
Bd1 Ba6 28. Ke1 Ke7 29. Kd2 h5 30. h4 Kd6 31. g4 hxg4 32. Bxg4 Bd3 33. Bd1 Ba6
34. h5 gxh5 35. Bxh5 Rb7 36. Be2 Bxe2 37. Kxe2 Rh7 38. Rg1 Rh2+ 39. Kd1 Kc7 40.
Rg7+ Kb6 41. Rg8 Rh1+ 42. Kd2 Ra1 43. Rb8+ Kc7 44. Rb3 a5 45. Rc3 Rh1 46. Rb3
Rh2+ 47. Kd1 Rg2 48. Kc1 Rg1+ 49. Kd2 Ra1 50. Ke2 a4 51. Rc3 Kb6 52. Kd2 Rb1
53. Ke2 Rb5 54. Kd2 Ra5 55. Kc1 c5 56. Rxc5 Rxc5 57. dxc5+ Kxc5 58. c3 1/2-1/2

[Event "Masters 2013"]
[Site "Rennes"]
[Date "2013.04.01"]
[Round "6.3"]
[White "Alanic, Xavier"]
[Black "Geffroy, Leo"]
[Result "1-0"]
[WhiteElo "2245"]
[BlackElo "1970"]
[PlyCount "49"]
[EventDate "2013.03.31"]
[EventType "tourn"]
[EventRounds "7"]
[EventCountry "FRA"]
[SourceDate "2005.09.12"]

1. e4 c5 2. c4 Nc6 3. g3 g6 4. Bg2 Bg7 5. Nc3 d6 6. d3 e5 7. a3 Nge7 8. Rb1 h5
9. h3 h4 10. g4 Nd4 11. f4 exf4 12. Bxf4 Be5 13. Nge2 Nec6 14. O-O g5 15. Bxe5
dxe5 16. Nd5 Nxe2+ 17. Qxe2 Be6 18. Nf6+ Kf8 19. Nd5 Nd4 20. Qe3 Bxd5 21. exd5
Qe7 22. Rf2 Kg7 23. d6 Qxd6 24. Qxg5+ Qg6 25. Qxe5+ 1-0

[Event "Masters 2013"]
[Site "Rennes"]
[Date "2013.04.01"]
[Round "6.4"]
[White "Theon, Pierre"]
[Black "Entem, Alan"]
[Result "0-1"]
[WhiteElo "2131"]
[BlackElo "2177"]
[PlyCount "52"]
[EventDate "2013.03.31"]
[EventType "tourn"]
[EventRounds "7"]
[EventCountry "FRA"]
[SourceDate "2005.09.12"]

1. c4 g6 2. Nc3 Bg7 3. g3 c5 4. Bg2 Nc6 5. Nf3 Nf6 6. d4 O-O 7. dxc5 Qa5 8. O-O
Qxc5 9. Nd2 d6 10. h3 Be6 11. b3 d5 12. Na4 Qa5 13. Bb2 dxc4 14. Nxc4 Bxc4 15.
bxc4 Rfd8 16. Qb3 Qc7 17. Rac1 Rd2 18. e3 Rad8 19. Bc3 R2d3 20. Nc5 Rxc3 21.
Rxc3 Na5 22. Qb4 b6 23. Na6 Qc8 24. Qb5 Ne8 25. Rcc1 Nd6 26. Qg5 Bf6 0-1

[Event "Masters 2013"]
[Site "Rennes"]
[Date "2013.04.01"]
[Round "6.5"]
[White "Guezennec, Franck"]
[Black "Otmani, Kamel"]
[Result "1-0"]
[WhiteElo "2174"]
[BlackElo "2104"]
[PlyCount "49"]
[EventDate "2013.03.31"]
[EventType "tourn"]
[EventRounds "7"]
[EventCountry "FRA"]
[SourceDate "2005.09.12"]

1. e4 d5 2. exd5 Qxd5 3. Nc3 Qa5 4. Bc4 Nf6 5. d3 Bg4 6. f3 Bf5 7. Bd2 c6 8.
Qe2 Qc7 9. O-O-O Nbd7 10. g4 Bg6 11. f4 h6 12. h4 b5 13. Bb3 Nc5 14. f5 Nxb3+
15. axb3 Bh7 16. Nh3 h5 17. g5 Bxf5 18. gxf6 gxf6 19. Rde1 O-O-O 20. Nf2 e6 21.
Qf3 Be7 22. Bf4 Bd6 23. Bxd6 Qxd6 24. Nfe4 Qe7 25. Ng3 1-0

[Event "Masters 2013"]
[Site "Rennes"]
[Date "2013.04.01"]
[Round "6.6"]
[White "Deniau, Pascal"]
[Black "Louis, Corentin"]
[Result "0-1"]
[WhiteElo "1776"]
[BlackElo "1985"]
[PlyCount "62"]
[EventDate "2013.03.31"]
[EventType "tourn"]
[EventRounds "7"]
[EventCountry "FRA"]
[SourceDate "2005.09.12"]

1. Nf3 Nf6 2. d4 g6 3. c4 Bg7 4. g3 O-O 5. Bg2 d6 6. O-O Nbd7 7. Nc3 c5 8. e4
cxd4 9. Nxd4 Ne5 10. b3 Bd7 11. h3 Nc6 12. Be3 Nxd4 13. Bxd4 Bc6 14. Nd5 Bxd5
15. exd5 Nd7 16. Bxg7 Kxg7 17. Qd4+ Kg8 18. h4 Qb6 19. Qd1 a5 20. Rb1 Qb4 21.
h5 b5 22. hxg6 hxg6 23. Qe1 Rfe8 24. Qe2 Rab8 25. Rfc1 bxc4 26. Rxc4 Qb5 27.
Qd2 Qxc4 28. Rc1 Qb4 29. Qh6 Rbc8 30. Rd1 Rc2 31. Bf1 Qg4 0-1

[Event "Masters 2013"]
[Site "Rennes"]
[Date "2013.04.01"]
[Round "6.7"]
[White "Lavanant, Alexandre"]
[Black "Busnel, Laurent"]
[Result "1/2-1/2"]
[WhiteElo "2031"]
[BlackElo "1909"]
[PlyCount "69"]
[EventDate "2013.03.31"]
[EventType "tourn"]
[EventRounds "7"]
[EventCountry "FRA"]
[SourceDate "2005.09.12"]

1. d4 Nf6 2. Bg5 d5 3. Bxf6 exf6 4. e3 Bf5 5. Bd3 Qd7 6. Nf3 Bd6 7. O-O O-O 8.
c4 c6 9. Nc3 Bxd3 10. Qxd3 dxc4 11. Qxc4 Na6 12. a3 Rad8 13. b4 Nc7 14. Ne4 Nd5
15. Nxd6 Qxd6 16. Nd2 Nb6 17. Qc2 Rfe8 18. Ne4 Qe6 19. Nc5 Qc8 20. Rfc1 Nd7 21.
a4 Nxc5 22. bxc5 Re7 23. Rab1 g6 24. a5 a6 25. Qa4 Kg7 26. Rb6 Rdd7 27. Rcb1
Rc7 28. g3 Qf5 29. Qc4 h5 30. R6b3 h4 31. Qd3 Qf3 32. Qf1 hxg3 33. hxg3 Rcd7
34. Qg2 Qf5 35. R1b2 1/2-1/2

[Event "Masters 2013"]
[Site "Rennes"]
[Date "2013.04.01"]
[Round "6.8"]
[White "Durand Le Ludec, Brendan Bubok"]
[Black "Ruhlmann, Helene"]
[Result "1/2-1/2"]
[WhiteElo "1769"]
[BlackElo "1794"]
[PlyCount "92"]
[EventDate "2013.03.31"]
[EventType "tourn"]
[EventRounds "7"]
[EventCountry "FRA"]
[SourceDate "2005.09.12"]

1. b3 Nf6 2. Bb2 d5 3. e3 c5 4. d4 cxd4 5. exd4 Bg4 6. Nf3 e6 7. Nbd2 Bb4 8.
Bd3 Ne4 9. Bxe4 dxe4 10. h3 exf3 11. hxg4 fxg2 12. Rg1 Qh4 13. Qf3 Bxd2+ 14.
Kxd2 Qg5+ 15. Ke2 Nc6 16. Qxg2 O-O 17. Rh1 Rad8 18. Qe4 h6 19. Rh5 Qg6 20. Qxg6
{(=)} fxg6 21. Rc5 Nxd4+ 22. Bxd4 Rxd4 23. g5 h5 24. Re5 a6 25. Rg1 Kf7 26. Rg3
Rfd8 27. Rf3+ Ke7 28. Rfe3 R8d6 29. Rc5 Rd2+ 30. Kf3 R2d5 31. Rec3 Rxc5 32.
Rxc5 Kd7 33. Ke4 Rd5 34. Rxd5+ exd5+ 35. Kxd5 Kc7 36. f4 Kb6 37. Ke4 Kc5 38. f5
gxf5+ 39. Kxf5 b5 40. g6 Kb4 41. Kg5 a5 42. Kxh5 a4 43. bxa4 bxa4 44. Kg5 a3
45. Kf5 Kc3 46. Ke6 Kxc2 1/2-1/2

[Event "Masters 2013"]
[Site "Rennes"]
[Date "2013.04.01"]
[Round "6.9"]
[White "Colleter, Christian"]
[Black "Ferret-Leger, Gaspard"]
[Result "1/2-1/2"]
[WhiteElo "1761"]
[BlackElo "1785"]
[PlyCount "87"]
[EventDate "2013.03.31"]
[EventType "tourn"]
[EventRounds "7"]
[EventCountry "FRA"]
[SourceDate "2005.09.12"]

1. e4 d5 2. exd5 Qxd5 3. Nc3 Qa5 4. d4 Nf6 5. Nf3 Bf5 6. Ne5 c6 7. g4 Be6 8.
Nc4 Qc7 9. Ne3 h5 10. g5 Ng4 11. h3 Nxe3 12. Bxe3 Nd7 13. Qf3 O-O-O 14. O-O-O
Nb6 15. Bf4 Qd7 16. Qe3 Nd5 17. Nxd5 Bxd5 18. f3 e5 19. dxe5 Qe6 20. Qxa7 Bb4
21. h4 Bxf3 22. Bh3 Bg4 23. Bxg4 hxg4 24. a3 Be7 25. Qa8+ Kc7 26. Qa5+ Kc8 27.
Be3 Rxd1+ 28. Rxd1 Rd8 29. Qa8+ Kc7 30. Qa5+ Kc8 31. Qa8+ Kc7 32. Rxd8 Bxd8 33.
Bb6+ Kxb6 34. Qxd8+ Ka7 35. Qa5+ Kb8 36. Qd8+ Ka7 37. Qa5+ Kb8 38. Kd2 g6 39.
Ke3 Qf5 40. Qd8+ Ka7 41. Qa5+ Kb8 42. Qd8+ Ka7 43. Qd4+ Kb8 44. Qd8+ 1/2-1/2

[Event "Masters 2013"]
[Site "Rennes"]
[Date "2013.04.01"]
[Round "6.10"]
[White "Le Marec, Laura"]
[Black "Henry, Solenne"]
[Result "1/2-1/2"]
[WhiteElo "1677"]
[BlackElo "1672"]
[PlyCount "90"]
[EventDate "2013.03.31"]
[EventType "tourn"]
[EventRounds "7"]
[EventCountry "FRA"]
[SourceDate "2005.09.12"]

1. d4 Nf6 2. Nf3 d5 3. c4 e6 4. Nc3 Be7 5. Bf4 O-O 6. g3 b6 7. Bg2 Bb7 8. O-O
dxc4 9. Qa4 Na6 10. Rfd1 Nb4 11. Ne5 Bxg2 12. Kxg2 Nfd5 13. e4 Nxf4+ 14. gxf4
f6 15. Nxc4 Qe8 16. Qxe8 Rfxe8 17. Nb5 Na6 18. Rac1 c6 19. Nc3 Rad8 20. a3 Rd7
21. Rd3 Nc5 22. Rdd1 Nb3 23. Rc2 Rxd4 24. Rxd4 Nxd4 25. Rd2 c5 26. a4 Kf7 27.
e5 Rb8 28. Nb5 Nxb5 29. axb5 Rd8 30. Rxd8 Bxd8 31. Nd6+ Ke7 32. Nc8+ Kd7 33.
Nxa7 fxe5 34. fxe5 Bc7 35. f4 Bd8 36. Kf3 Bh4 37. b3 h5 38. Ke4 g5 39. fxg5
Bxg5 40. h3 Bd2 41. Nc6 Be1 42. Kf3 Bc3 43. Kf4 Bd2+ 44. Kf3 Be1 45. Kf4 Bd2+
1/2-1/2

[Event "Masters 2013"]
[Site "Rennes"]
[Date "2013.04.01"]
[Round "6.11"]
[White "Radovanovic, Vanja"]
[Black "Lechartre, Victorien"]
[Result "0-1"]
[WhiteElo "1499"]
[BlackElo "1655"]
[PlyCount "150"]
[EventDate "2013.03.31"]
[EventType "tourn"]
[EventRounds "7"]
[EventCountry "FRA"]
[SourceDate "2005.09.12"]

1. d4 Nf6 2. c4 c5 3. d5 e6 4. Nc3 exd5 5. cxd5 g6 6. g3 d6 7. Bg2 Bg7 8. Nf3
O-O 9. O-O a6 10. a4 Re8 11. Nd2 Nbd7 12. a5 Ne5 13. e4 b5 14. axb6 Qxb6 15.
Qc2 a5 16. f4 Neg4 17. Nc4 Qd8 18. h3 Nh6 19. e5 dxe5 20. fxe5 Nd7 21. e6 Nf6
22. Bxh6 Bxh6 23. Rad1 Ra7 24. Ne5 Be3+ 25. Kh2 fxe6 26. Nc6 Qc7 27. Nxa7 Nh5
28. d6 Qxa7 29. Qd3 Bd4 30. Nb5 Qb6 31. Nxd4 Qxd6 32. Ne2 Qb6 33. Qd6 Qxb2 34.
Rf2 Qb5 35. Rdf1 h6 36. Bc6 Qd3 37. Bxe8 Qxd6 38. Bxg6 Ng7 39. Nc3 Nf5 40. Ne4
Qe5 41. Rf4 Bb7 42. Nd2 Ba6 43. R1f2 Qe3 44. Ne4 Bd3 45. R2f3 Qe2+ 46. Nf2 Nd4
47. Rxd3 Kg7 48. Be4 e5 49. Rg4+ Kf8 50. Kg2 c4 51. Rc3 a4 52. Bd5 Nf5 53. Re4
Qd2 54. Rf3 Qxd5 55. Rxf5+ Kg7 56. Rfxe5 Qc6 57. Kf1 c3 58. Re7+ Kf8 59. Re8+
Qxe8 60. Rxe8+ Kxe8 61. Ke2 a3 62. Nd1 a2 63. Nxc3 a1=Q 64. Ne4 Qb2+ 65. Kf3
Qb3+ 66. Kf4 Qf7+ 67. Kg4 Qe6+ 68. Kf4 Qxh3 69. g4 Qf1+ 70. Ke5 Ke7 71. Ng3
Qe1+ 72. Kf4 Qb4+ 73. Ne4 Ke6 74. Ke3 Ke5 75. Nd2 Qf4+ 0-1

[Event "Mediterranean Cup"]
[Site "Mazara del vallo"]
[Date "1987.06.??"]
[Round "?"]
[White "Belotti, Bruno"]
[Black "Magem Badals, Jordi"]
[Result "1-0"]
[WhiteElo "2365"]
[BlackElo "2425"]
[PlyCount "41"]
[EventDate "1987.06.07"]
[EventCountry "ITA"]
[SourceDate "2005.09.12"]

1. d4 Nf6 2. c4 g6 3. Nc3 Bg7 4. e4 d6 5. f3 e5 6. d5 Nh5 7. Be3 f5 8. Qd2 O-O
9. O-O-O Nd7 10. Nge2 Ndf6 11. exf5 gxf5 12. Bh6 Bxh6 13. Qxh6 Qe8 14. Rg1 Kh8
15. h3 f4 16. g4 fxg3 17. Nxg3 Qf7 18. Bd3 Bd7 19. Nce4 Nxe4 20. Nxh5 Nc5 21.
Bc2 1-0

[Event "Mediterranean Cup"]
[Site "Mazara del vallo"]
[Date "1987.06.??"]
[Round "?"]
[White "Bouaziz, Slim"]
[Black "Lanzani, Mario"]
[Result "0-1"]
[WhiteElo "2370"]
[BlackElo "2345"]
[PlyCount "55"]
[EventDate "1987.06.07"]
[EventCountry "ITA"]
[SourceDate "2005.09.12"]

1. d4 d5 2. Nf3 e6 3. c4 c6 4. Nc3 dxc4 5. e4 b5 6. a4 Bb4 7. Bd2 a5 8. axb5
Bxc3 9. Bxc3 cxb5 10. b3 Bb7 11. d5 Nf6 12. bxc4 b4 13. Bd4 Nxe4 14. Bxg7 Rg8
15. Bd4 exd5 16. Ne5 Nd7 17. Qa4 Rg5 18. Nf3 Rg6 19. cxd5 Kf8 20. Be2 Bxd5 21.
g3 Nec5 22. Qb5 Qb6 23. Qxb6 Rxb6 24. O-O Re6 25. Be3 Ne4 26. Nd4 Nc3 27. Bd3
Ne5 28. Nxe6+ 0-1

[Event "Mediterranean Cup"]
[Site "Mazara del vallo"]
[Date "1987.06.??"]
[Round "?"]
[White "Lanzani, Mario"]
[Black "Camilleri, Henry"]
[Result "1-0"]
[WhiteElo "2345"]
[BlackElo "2220"]
[PlyCount "47"]
[EventDate "1987.06.07"]
[EventCountry "ITA"]
[SourceDate "2005.09.12"]

1. e4 c5 2. Nf3 d6 3. d4 cxd4 4. Nxd4 Nf6 5. Nc3 a6 6. Bg5 e6 7. f4 Qc7 8. Qf3
b5 9. O-O-O Nbd7 10. Bxf6 gxf6 11. f5 Ne5 12. Qh5 b4 13. Nce2 exf5 14. exf5 Bb7
15. Ne6 Qa5 16. Kb1 Rc8 17. N2f4 Qa4 18. Rd2 Be4 19. Bd3 Bxd3 20. Nxd3 Be7 21.
Ng7+ Kf8 22. Nxe5 fxe5 23. Qh6 Kg8 24. Nh5 1-0

[Event "Championnat de Lorraine 2013"]
[Site "Hayange"]
[Date "2013.05.17"]
[Round "1.1"]
[White "Cahen, Alexis"]
[Black "Pucher, Sebastien"]
[Result "0-1"]
[WhiteElo "1636"]
[BlackElo "2244"]
[PlyCount "58"]
[EventDate "2013.??.??"]
[EventType "swiss"]
[EventRounds "6"]
[EventCountry "FRA"]
[SourceDate "2005.09.12"]

1. d4 Nf6 2. c4 e6 3. Nc3 Bb4 4. Bd2 b6 5. a3 Bxc3 6. Bxc3 Bb7 7. e3 O-O 8. Nf3
Ne4 9. Qc2 d6 10. Bd3 f5 11. h4 Nd7 12. O-O-O Qe7 13. Ne1 e5 14. f3 Nxc3 15.
Qxc3 Rae8 16. Bc2 exd4 17. exd4 Qf6 18. Bb3 Re2 19. Rd2 Qh6 20. Kd1 Re3 21. Rd3
Re7 22. Qd2 f4 23. Qf2 c5 24. Nc2 Nf6 {Diagramme #} 25. g4 Nxg4 26. Qg2 Ne3+
27. Nxe3 fxe3 28. d5 e2+ 29. Ke1 Qc1+ 0-1

[Event "Championnat de Lorraine 2013"]
[Site "Hayange"]
[Date "2013.05.17"]
[Round "1.4"]
[White "Carrillo, Jesus"]
[Black "Ribeiro, Adrien"]
[Result "1-0"]
[WhiteElo "2102"]
[BlackElo "1616"]
[PlyCount "47"]
[EventDate "2013.??.??"]
[EventType "swiss"]
[EventRounds "6"]
[EventCountry "FRA"]
[SourceDate "2005.09.12"]

1. e4 c5 2. Nf3 d6 3. d4 cxd4 4. Nxd4 g6 5. Nc3 Nf6 6. f3 e5 7. Nb3 Bg7 8. Bg5
h6 9. Be3 O-O 10. Qd2 g5 11. O-O-O Ne8 12. h4 f6 13. Bc4+ Kh7 14. hxg5 d5 15.
Bxd5 Nc7 16. g6+ Kxg6 17. Bxh6 Nxd5 18. Bxg7 {Diagramme #} Kxg7 19. Qh6+ Kf7
20. Qh5+ Ke7 21. Nxd5+ Ke6 22. Qf5+ Kf7 23. Rh7+ Ke8 24. Qh5+ 1-0

[Event "Championnat de Lorraine 2013"]
[Site "Hayange"]
[Date "2013.05.17"]
[Round "1.8"]
[White "Durando, Didier"]
[Black "Pierrot, Philippe"]
[Result "1-0"]
[WhiteElo "2015"]
[BlackElo "1575"]
[PlyCount "57"]
[EventDate "2013.??.??"]
[EventType "swiss"]
[EventRounds "6"]
[EventCountry "FRA"]
[SourceDate "2005.09.12"]

1. d4 Nf6 2. c4 e5 3. dxe5 Ng4 4. Bf4 Nc6 5. Nf3 d6 6. exd6 cxd6 7. e3 Be6 8.
Nc3 Qa5 9. Be2 Nge5 10. Nd2 a6 11. O-O Be7 12. a3 Ng6 13. b4 Qc7 14. Bg3 Bh4
15. Nde4 Bxg3 16. hxg3 Rd8 17. Rc1 O-O 18. Nd5 Qb8 19. Bd3 Nce5 20. Bb1 Bxd5
21. cxd5 Rc8 22. Rxc8 Rxc8 23. Qh5 Qc7 24. f4 Nd7 25. Qg4 Qb6 26. Qxd7 Qxe3+
27. Kh2 Rf8 28. Ng5 Qe2 29. Rf3 1-0